• 首页
  • 本馆介绍
  • 公告通知
  • 最新文献
  • 馆藏检索
  • 电子资源
  • 读者导购
  • 参考咨询
  • 我的图书馆
  • 登录
  • 详细信息显示
  • 放入我的书架
  • 预约/预借图书
  • 作者相关作品
  • 分类相关作品
  • 丛书相关作品
  • 出版社相关作品

书目信息

  • 表格格式
  • 工作单格式
  • 卡片格式
题名:
中国工业布局学
    
 
作者: 刘再兴 编
分册:  
出版信息: 北京   中国人民大学出版社  1981
页数: 368页
开本: 19cm
丛书名:
单 册:
中图分类: F424.1
科图分类:
主题词: 工业布局--中国
电子资源:
ISBN:
000 00598nam0 2200229 45
001 0181007029
005 20060809104531.81
010    @dCNY1.10
091    @aCN@b12011.16
100    @a19950610d1981 emky0chiy0121 ea
101 0  @achi
102    @aCN@b110000
105    @ay z 000yy
200 10 @a中国工业布局学@Azhong guo gong ye bu ju xue@f刘再兴编
210    @a北京@c中国人民大学出版社@d1981
215    @a368页@d19cm
606    @a工业布局@y中国
690    @aF424.1@v3
701  0 @a刘再兴@Aliu zai xing@4编
801  2 @aCN@bNLC@c20060809
801  0 @aCN@bTSSF
905    @a10447@dF424.1@e67
    
    中国工业布局学/刘再兴编.-北京:中国人民大学出版社,1981
    368页;19cm
    
    
    ISBN :CNY1.10
    
●
相关链接 在E读中查询图书 在五车中查询图书 在当当中查询图书 在豆瓣中查询图书


正题名:中国工业布局学     索取号:F424.1/67         预约/预借

序号 登录号 条形码 馆藏地/架位号 状态 备注
1 0057562   000208858   第一样本阅览室/ [索取号:F424.1/67] 在馆    
2 0449981   204499818   密集书库/ [索取号:F424.1/67] 在馆    
唐山师范学院图书馆 欢迎您!
大连网信软件有限公司© 版权所有